00700nam a2200193 a 450000100100000000500170001000800410002702000180006804000250008610000250011124501060013626000420024230000210028449000420030583000280034704900090037595201050038499900170048900003448720200930073728.0111005s2007 kn 000 0 spa d a9788479623845 aDO-SdBNPbspacBNPHU1 aIm., Chul-Woo95992813aLa habitación roja y otros cuentos /cIm. Chul-Woo ; traducción Park Chong-Wook, Ana Hernández. aEspaña :bbEditorial Verbum,c2007. a171 p. ;c22 cm.1 aVerbum Narrativa.aliteratura Coreana 0aVerbum Narrativa959929 aBNPD 001050718MOaGRbGRcCTd2011-10-05iLF1l0o p34487-10r2020-06-25w2020-06-25y1ZNo se presta c33978d33978